00650nam a2200229 a 450000100060000000300080000600500170001400800410003102000150007203500190008704000320010604100080013808200220014610000250016824500650019326000410025830000340029950000200033365000130035370000200036685600340038670454BD-RjUL20211209082013.0170417s1989 maua 001 0 eng  a0534076866 a(BD-RjUL)70668 aDLCcDLCdDLCdBD-RjULbeng aeng00a530223bBIT 19891 aBigliani, Raymond E.10aTechnical physics /cRaymond E. Bigliani and Gary Ferrigno. aBoston :bPWS-Kent Pub. Co.,cc1989. axii, 894 p. :bill. ;c25 cm. aIncludes index. 0aPhysics.1 aFerrigno, Gary. 3PWS-Kent series in technology